00527 2200205 4500001002100000008004100021035002000062245009300082100001300175250000600188260003200194300001100226084001400237082000800251650001400259990001200273990001200285990001200297990001200309INLIS000000000000513 ind  a0010-0424000489 aEnsiklopedia Bahasa Inggris; Developing English Skill Writing Discussion TextscDjatmika aDjatmika a1 aBandung :bPakar Rayac2015 a98 hlm a420 DJA e a420 aNon Fiksi a0722080 a0722081 a0722082 a0722083